Infraestructuras programáticas / (Registro nro. 12606)

Detalles MARC
000 -LEADER
campo de control de longitud fija 01577cam a22004094i 4500
003 - IDENTIFICADOR DE NÚMERO DE CONTROL
campo de control PE-LiUPU
005 - FECHA Y HORA DE LA ÚLTIMA TRANSACCIÓN
campo de control 20250731183354.0
008 - DATOS DE LONGITUD FIJA--INFORMACIÓN GENERAL
campo de control de longitud fija 160926s r 000 0 spa d
020 ## - NÚMERO INTERNACIONAL ESTÁNDAR DEL LIBRO
Número Internacional Estándar del Libro 987584361X
020 ## - NÚMERO INTERNACIONAL ESTÁNDAR DEL LIBRO
Número Internacional Estándar del Libro 9789875843615
035 ## - NÚMERO DE CONTROL DEL SISTEMA
Número de control de sistema (Sirsi) a163744
040 ## - FUENTE DE CATALOGACIÓN
Centro catalogador/agencia de origen PE-LiUPU
Lengua de catalogación spa
Centro/agencia transcriptor PE-LiUPU
Normas de descripción rda
041 1# - CÓDIGO DE IDIOMA
Código de lengua original eng
Código de lengua del texto/banda sonora o título independiente spa
049 ## - FONDOS LOCALES (OCLC)
Biblioteca depositaria PRUA
082 04 - NÚMERO DE LA CLASIFICACIÓN DECIMAL DEWEY
Número de clasificación 720
Cutter I5
Número de edición 20
245 00 - MENCIÓN DEL TÍTULO
Título Infraestructuras programáticas /
Mención de responsabilidad, etc. Marcelo Faides [editor].
250 ## - MENCION DE EDICION
Mención de edición Primera edición.
264 ## - PRODUCCIÓN, PUBLICACIÓN, DISTRIBUCIÓN, FABRICACIÓN Y COPYRIGHT
Producción, publicación, distribución, fabricación y copyright Buenos Aires :
Nombre del de productor, editor, distribuidor, fabricante Nobuko,
Fecha de producción, publicación, distribución, fabricación o copyright 2012.
300 ## - DESCRIPCIÓN FÍSICA
Extensión 109 páginas :
Otras características físicas ilustustraciones ;
Dimensiones 15 centímetros
336 ## - TIPO DE CONTENIDO
Término de tipo de contenido text
Fuente rdacontent
337 ## - TIPO DE MEDIO
Nombre/término del tipo de medio unmediated
Fuente rdamedia
338 ## - TIPO DE SOPORTE
Nombre/término del tipo de soporte volume
Fuente rdacarrier
505 0# - NOTA DE CONTENIDO CON FORMATO
Nota de contenido con formato Infraestructuras programáticas -- Esquema 01 -- Geogrfía infraestrucutral -- Integrando la energía solar fotovoltaica.
526 ## - NOTA DE INFORMACIÓN SOBRE EL PROGRAMA DE ESTUDIO
Nombre del programa Maestría Bim Facility Management (A distancia)
526 ## - NOTA DE INFORMACIÓN SOBRE EL PROGRAMA DE ESTUDIO
Nombre del programa
526 ## - NOTA DE INFORMACIÓN SOBRE EL PROGRAMA DE ESTUDIO
Nombre del programa Educación musical y artes
526 ## - NOTA DE INFORMACIÓN SOBRE EL PROGRAMA DE ESTUDIO
Nombre del programa Educación, especialidad educación física
526 ## - NOTA DE INFORMACIÓN SOBRE EL PROGRAMA DE ESTUDIO
Nombre del programa Arquitectura
541 ## - NOTA DE FUENTE DE ADQUISICIÓN DIRECTA
-- 0020-0001185;
596 ## -
-- 1
700 1# - ENTRADA AGREGADA--NOMBRE PERSONAL
Nombre de persona Faiden, Marcelo,
Término indicativo de función/relación editor.
910 ## - DATOS DE OPCIÓN DEL USUARIO (OCLC)
Datos de opción del usuario jck
-- ncf
-- ncf
-- 20160926
942 ## - ELEMENTOS DE ENTRADA SECUNDARIOS (KOHA)
Fuente del sistema de clasificación o colocación Clasificación Decimal Dewey
Tipo de ítem Koha
949 ## - PROCESAMIENTO DE INFORMACIÓN LOCAL (OCLC)
a 720 I5
w DEWEY
c 1
i 74603
l CATALOGING
m BUL
p 19.97
r 0
s Y
t BOOK
u 26/09/16
x INGENIERIA
-- P06
0 COMPRA
o .STAFF. Colección Ingenieria y Arquitectura
994 ## -
-- C0
-- PEPRU
999 ## - NÚMEROS DE CONTROL DE SISTEMA (KOHA)
-- DEWEY
-- 74603
-- 2017-11-13
-- 2021-11-9
-- 7
-- CCODEBUL1
-- BUL
-- 3
-- 19.97
-- 0
-- Y
-- BOOK
-- 2016-9-26
-- INGENIERIA
-- P06
-- COMPRA
-- .STAFF. Colección Ingenieria y Arquitectura
980 ## - EQUIVALENCIA O REFERENCIA-CRUZADA-MENCIÓN DE SERIE--NOMBRE DE PERSONA/TÍTULO [LOCAL, CANADÁ]
ID del último usuario que modificó el registro 1
Nombre del último usuario que modificó el registro ALBERTO SANCHEZ Responsable de Automatización
Existencias
Visto por última vez Número de inventario Total de préstamos Signatura topográfica completa Código de barras Fecha del último préstamo Copia número Coste, precio de reemplazo Fecha de reemplazo Facultad Tipo de ítem Koha Nota pública Estado de pérdida Fuente del sistema de clasificación o colocación Restricciones de uso No para préstamo Colección Programa académico Biblioteca de origen Biblioteca actual Ubicación en estantería Fecha de adquisición Fuente de adquisición Coste, precio normal de compra
2025-12-03 8 3 720 I5 74603 2017-11-13 e1 24.97 2016-09-26 FIA Libros físicos inventario-2023-12-13 No Perdido Clasificación Decimal Dewey No restringido Disponible para préstamos Colección General Arquitectura Biblioteca CRAI UPeU Lima Biblioteca CRAI UPeU Lima Sala principal 2016-09-26 COMPRA 19.97